Statystyki dla Pokémony i ich ewolucje (Galar)

Kliknij tutaj aby rozwiązać quiz!

Ogólne statystyki

  • Ten quiz został rozwiązany 10 razy
  • Średni wynik to 9 z 18

Statystyki odpowiedzi

PokémonEwolucja% Poprawnych
YamperBoltund
70%
ChewtleDrednaw
70%
WoolooDubwool
70%
KubfuUrshifu
70%
Applin (Sweet Apple)Appletun
60%
SkwovetGreedent
60%
SilicobraSandaconda
60%
ToxelToxtricity
60%
Applin (Tart Apple)Flapple
50%
NickitThievul
50%
MilceryAlcremie
40%
SizzlipedeCentiskorch
40%
GossifleurEldegoss
40%
SnomFrosmoth
40%
SinisteaPolteageist
40%
ArrokudaBarraskewda
30%
ClobbopusGrapploct
30%
CufantCopperajah
20%

Rozkład punktacji

Percentyl według liczby udzielonych odpowiedzi

Procent ludzi z każdym wynikiem

Twoja historia wyników

Nie rozwiązałeś tego quizu